00621nam a2200205Ia 4500003000400000005001700004008004100021040000700062041000800069082001600077100002600093245005500119260002000174300000900194650002200203700002700225942001300252999001900265952013100284OSt20251212124234.0250729s2005 xx 000 0 und d cAL aeng a370.78 RAHE aRahman Azibur9227018 aEducation and rehabitation of mentally handicapped aNew Delhic2005 a155p aEducation9227019 aRao Digumurthi9227020 2ddccBED c237502d237502 00104070aALbALd2025-07-29eSita Book Houseg400.00l0o370.78 RAHEpBED02821r2025-07-29 16:55:47v400.00w2025-07-29yBK